Building adaptation (Record no. 105299)

MARC details
000 -LEADER
fixed length control field 01738cam a2200301 4500
001 - CONTROL NUMBER
control field ##L132994
008 - FIXED-LENGTH DATA ELEMENTS--GENERAL INFORMATION
fixed length control field 060331n2006 000 0 eng u
020 ## - INTERNATIONAL STANDARD BOOK NUMBER
International Standard Book Number 9780080458519
020 ## - INTERNATIONAL STANDARD BOOK NUMBER
International Standard Book Number 0750666676
035 ## - SYSTEM CONTROL NUMBER
System control number (Sirsi) u132994
041 0# - LANGUAGE CODE
Language code of text/sound track or separate title eng
050 04 - LIBRARY OF CONGRESS CALL NUMBER
Classification number 690.231 $2 18
100 1# - MAIN ENTRY--PERSONAL NAME
Personal name Douglas, James
245 00 - TITLE STATEMENT
Title Building adaptation
Medium [electronic resource]
250 ## - EDITION STATEMENT
Edition statement 2nd ed.
260 ## - PUBLICATION, DISTRIBUTION, ETC.
Place of publication, distribution, etc. Oxford
Name of publisher, distributor, etc. Butterworth Heinemann
Date of publication, distribution, etc. 2006
300 ## - PHYSICAL DESCRIPTION
Extent eBook
350 ## - PRICE (NR) (BK AM CF MU VM SE) [OBSOLETE]
Price 34.99
505 2# - FORMATTED CONTENTS NOTE
Formatted contents note Introduction -- Feasibility -- Principles of converting buildings -- Adaptive reuses -- Lateral extensions -- Vertical extensions -- Structural alterations -- Principles of refurbishment -- Further aspects of refurbishment -- Sustainable adaptation -- Implementation.
520 ## - SUMMARY, ETC.
Summary, etc. Intended as a primer on the physical changes that properties can undergo during their lifetime, and also a practical guide covering the general principles, techniques and processes involved in the alteration, conversion, extension, improvement and refurbishment of existing buildings. Numerous illustrations and examples focus on a wide variety of different building types. This second edition contains a new chapter on sustainable refurbishment, dealing with subjects such as photovoltaics, and appendices showing how energy rating is calculated, and outlining typical local authority policy guidance on extensions.
520 ## - SUMMARY, ETC.
Summary, etc. Supersedes 1st ed. (ISBN 0750650850)
590 ## - LOCAL NOTE (RLIN)
Local note IKA250406
650 24 - SUBJECT ADDED ENTRY--TOPICAL TERM
Topical term or geographic name entry element EBOOK
690 ## - LOCAL SUBJECT ADDED ENTRY--TOPICAL TERM (OCLC, RLIN)
Topical term or geographic name as entry element BUILT ENVIRONMENT-BUILDING MAINTENANCE AND REFURBISHMENT-BUILDING ADAPTATION
856 48 - ELECTRONIC LOCATION AND ACCESS
Uniform Resource Identifier <a href="https://www.vlebooks.com/">https://www.vlebooks.com/</a>
Public note View on VLEbooks. Logins for members only from [email protected]
942 ## - ADDED ENTRY ELEMENTS (KOHA)
Suppress in OPAC 0
Holdings
Withdrawn status Lost status Damaged status Not for loan Home library Current library Shelving location Date acquired Cost, normal purchase price Total Checkouts Full call number Barcode Date last seen Date last checked out Copy number Cost, replacement price Price effective from Koha item type Source of classification or shelving scheme
  Missing from bundle     London London Missing 13/04/2006 34.99 21 690.231 DOU 30072889 06/08/2019 07/07/2009 1 34.99 06/08/2019 Book  
        Virtual Virtual Online 05/02/2010 58.39   EBOOK 132994-3001 06/08/2019   1 58.39 06/08/2019 Book Dewey Decimal Classification